| 000 | 00507nam a22001817a 4500 | ||
|---|---|---|---|
| 999 |
_c17210 _d17210 |
||
| 003 | AR-CdUCM | ||
| 008 | 190507b ||||| |||| 00| 0 spa d | ||
| 040 |
_aMUNICIPALIDAD PROVINCIAL DEL CUSCO _cBIBLIOTECA MUNICIPAL DEL CUSCO |
||
| 082 |
_a891.51 / _bD724 |
||
| 100 |
_aDostoyevski, F. _937086 |
||
| 245 | _aLas noches blancas / | ||
| 260 |
_aChile : _bZig Zag, _c1945. |
||
| 300 |
_a120 páginas ; _c18 cm. |
||
| 505 | _aliteratura. | ||
| 650 |
_aLiteratura. _983 |
||
| 942 |
_2ddc _cLIBROS |
||
| 945 | _awfj | ||